| 000 | 01585nam0a2200373 i 4500 | ||
|---|---|---|---|
| 001 | RU\NLR\BIBL_A\012339007 | ||
| 005 | 20260406063200.0 | ||
| 010 |
_a9785090667043 _91500 |
||
| 021 |
_aRU _b2020-28973 _9КН-П-2231 |
||
| 021 |
_aRU _b2021-33654 _9КН-П-2628 |
||
| 021 |
_aRU _b2023-48068 _9КН-П-4818 |
||
| 035 | _a(RuMoRGB)010336482 | ||
| 035 | _a(NLR Aleph) 012339007 | ||
| 090 |
_a11511187 _c11511187 |
||
| 100 | _a20200917d2020 km y0rusy50 ca | ||
| 101 | 0 |
_arus _aeng |
|
| 102 | _aRU | ||
| 105 | _aa|||z|||000zy | ||
| 181 | 0 |
_ai _baxxe |
|
| 182 | 0 | _an | |
| 200 | 1 |
_aАнглийский язык _aАнглийская грамматика? Легко! _e5-7 классы _eучебное пособие для общеобразовательных организаций _fР. П. Мильруд |
|
| 203 |
_aТекст _bвизуальный _cнепосредственный |
||
| 210 |
_aМосква _cПросвещение _d2020 |
||
| 215 |
_a143 с. _cтабл. _d22 |
||
| 225 | 1 | _aУчи иностранный | |
| 300 | _aEnglish. Английская грамматика? Легко! | ||
| 512 | 1 | _aEnglish. Английская грамматика? Легко! | |
| 606 | 1 |
_aАнглийский язык _jУчебные издания для средней школы _9972309 _3RU\NLR\AUTH\6646032 |
|
| 686 | 3 | _aШ143.21-93рус21[5/7] | |
| 700 | 1 |
_8rus _7ca _aМильруд _bР. П. _gРадислав Петрович _3RU\NLR\AUTH\7722058 _95119 |
|
| 942 | _cBOOK | ||
| 980 | _aNBR | ||